000 00534 a2200157 4500
001 ART_46031
005 20260410161731.0
008 260409a
245 1 0 _aProcesso de tomada de decisao instantánea e o papel da intioçao
100 1 _aFreitas, Henrique M. R. de
700 1 _aKuhn Andriotti, Fernando
700 1 _aMartens, Cristina Dai Prá
700 1 _aBehr, Ariel
700 1 _aJanissek-Muñiz, Raquel
773 0 _tEscritos contables y de administración
_g- Vol. 4, Nº1 (ene./jun. 2013)
_wREV2758
999 _c17840
_d17840